UBT Library

Clinical handbook for Kozier & Erb's fundamentals of nursing : (Record no. 41332)

000 -LEADER
fixed length control field 00757cam a22002654a 4500
001 - CONTROL NUMBER
control field 16702739
005 - DATE AND TIME OF LATEST TRANSACTION
control field 20180131035446.0
008 - FIXED-LENGTH DATA ELEMENTS--GENERAL INFORMATION
fixed length control field 110321s2012 maua f 001 0 eng
010 ## - LIBRARY OF CONGRESS CONTROL NUMBER
LC control number 2011012480
020 ## - INTERNATIONAL STANDARD BOOK NUMBER
International Standard Book Number 9780138024642
020 ## - INTERNATIONAL STANDARD BOOK NUMBER
International Standard Book Number 0138024642
035 ## - SYSTEM CONTROL NUMBER
System control number (DNLM)101556823
040 ## - CATALOGING SOURCE
Original cataloging agency DNLM/DLC
Transcribing agency DLC
Modifying agency DLC
041 ## - LANGUAGE CODE
Language code of text/sound track or separate title eng
042 ## - AUTHENTICATION CODE
Authentication code pcc
060 10 - NATIONAL LIBRARY OF MEDICINE CALL NUMBER
Classification number WY 49
080 ## - UNIVERSAL DECIMAL CLASSIFICATION NUMBER
Universal Decimal Classification number 610.73 BER
082 00 - DEWEY DECIMAL CLASSIFICATION NUMBER
Classification number 610.73 BER
Edition number 22
100 1# - Rafti
Rafti 1
101 ## - Shkurtesa
Shkurtesa INF
245 10 - TITLE STATEMENT
Title Clinical handbook for Kozier & Erb's fundamentals of nursing :
Statement of responsibility, etc Berman, Snyder.
906 ## - LOCAL DATA ELEMENT F, LDF (RLIN)
a 7
b cbc
c orignew
d 1
e ecip
f 20
g y-gencatlg
942 ## - ADDED ENTRY ELEMENTS (KOHA)
Source of classification or shelving scheme
Item type Books
Holdings
Withdrawn status Lost status Source of classification or shelving scheme Damaged status Not for loan Collection code Permanent location Current location Shelving location Date acquired Total Checkouts Full call number Barcode Date last seen Price effective from Koha item type
          Koleksioni i përgjithshem UBT - Lipjan UBT - Lipjan Koleksioni i përgjithshem 01/31/2018   610.73 BER 002-2996790 01/31/2018 01/31/2018 Books
UBT Library © 2015-2024. All rights reserved University Education for Business and Technology